Strength of Materials / (Record no. 32016)

000 -LEADER
fixed length control field 00511nam a22002057a 4500
003 - CONTROL NUMBER IDENTIFIER
control field Nust
005 - DATE AND TIME OF LATEST TRANSACTION
control field 20211005145405.0
008 - FIXED-LENGTH DATA ELEMENTS--GENERAL INFORMATION
fixed length control field 170116b xxu||||| |||| 00| 0 eng d
020 ## - INTERNATIONAL STANDARD BOOK NUMBER
International Standard Book Number 9788131509272
038 ## - RECORD CONTENT LICENSOR
Staff Name Khadija
040 ## - CATALOGING SOURCE
Transcribing agency c
082 ## - DEWEY DECIMAL CLASSIFICATION NUMBER
Classification number 620.112
Author Mark GER
100 ## - MAIN ENTRY--PERSONAL NAME
Personal name Gere, James M.
9 (RLIN) 2985
245 ## - TITLE STATEMENT
Title Strength of Materials /
Statement of responsibility, etc. James M. Gere, Barry J. Goodno
260 ## - PUBLICATION, DISTRIBUTION, ETC.
Place of publication, distribution, etc. Australia:
Name of publisher, distributor, etc. cengaga;
Date of publication, distribution, etc. 2009.
300 ## - PHYSICAL DESCRIPTION
Extent 794 p. ;
Dimensions 24 cm.
500 ## - GENERAL NOTE
General note paperback.
563 ## - BINDING INFORMATION
Binding note PB
942 ## - ADDED ENTRY ELEMENTS (KOHA)
Koha item type Book
Source of classification or shelving scheme
Holdings
Withdrawn status Lost status Source of classification or shelving scheme Damaged status Not for loan Permanent Location Current Location Shelving location Date acquired Total Checkouts Full call number Barcode Checked out Date last seen Date last checked out Price effective from Koha item type Public note
          School of Mechanical & Manufacturing Engineering (SMME) School of Mechanical & Manufacturing Engineering (SMME) General Stacks 07/15/2015 1 620.112 GER SMME-591 03/06/2026 02/04/2026 02/04/2026 07/15/2015 Book Rack,40-Shelf,4
© 2023 Central Library, National University of Sciences and Technology. All Rights Reserved.